Teoría y sinopsis de la constitución de 1991 / (Registro nro. 28331)

Detalles MARC
000 -LEADER
fixed length control field 01327nam a2200253Ia 4500
003 - CONTROL NUMBER IDENTIFIER
control field CO-CtgCURN
005 - DATE AND TIME OF LATEST TRANSACTION
control field 20250410145537.0
008 - FIXED-LENGTH DATA ELEMENTS--GENERAL INFORMATION
fixed length control field 190722s1996 xx f 000 0 spa d
020 ## - INTERNATIONAL STANDARD BOOK NUMBER
International Standard Book Number 9589288057
040 ## - CATALOGING SOURCE
Original cataloging agency CO-CtgCURN
Language of cataloging spa
Transcribing agency coctgcurn
082 ## - DEWEY DECIMAL CLASSIFICATION NUMBER
Classification number 342.02
Item number M539t
100 ## - MAIN ENTRY--PERSONAL NAME
Personal name Mendoza Palomino, Alvaro
9 (RLIN) 2903
Relator term autor
245 #0 - TITLE STATEMENT
Title Teoría y sinopsis de la constitución de 1991 /
Statement of responsibility, etc. Alvaro Mendoza Palomino
260 ## - PUBLICATION, DISTRIBUTION, ETC.
Place of publication, distribution, etc. Bogotá, Colombia :
Name of publisher, distributor, etc. Ediciones Doctrina y Ley,
Date of publication, distribution, etc. 1996
300 ## - PHYSICAL DESCRIPTION
Extent 452 páginas ;
Dimensions 21 centímetros
505 ## - FORMATTED CONTENTS NOTE
Formatted contents note Cap.1. Identificacion del estado -- Cap. 2. Determinacion y organizacion territorial -- Cap. 3. Determinacion de la poblacion -- Cap. 4. Organizacion del poder público -- Cap. 5. Rama legislativa -- Cap. 6. Rama ejecutiva -- Cap. 7. Rama judicial -- Cap. 8. Funcion economica y hacienda pública del estado -- Cap. 9. Derechos deberes garantias -- Cap.10. Mecanismos de control -- Cap.11. Reforma constitucional
521 ## - TARGET AUDIENCE NOTE
Target audience note AREA PROFESIONAL
590 ## - LOCAL NOTE (RLIN)
Local note Programa de Derecho_18
650 ## - SUBJECT ADDED ENTRY--TOPICAL TERM
Topical term or geographic name entry element Derecho administrativo
Geographic subdivision Colombia
9 (RLIN) 2904
650 ## - SUBJECT ADDED ENTRY--TOPICAL TERM
Topical term or geographic name entry element Derecho constitucional
Geographic subdivision Colombia
9 (RLIN) 2905
942 ## - ADDED ENTRY ELEMENTS (KOHA)
Koha item type Libros
Classification part 342.02
Item part M539t
Source of classification or shelving scheme Dewey Decimal Classification
Suppress in OPAC No
Existencias
Withdrawn status Lost status Damaged status Not for loan Collection Home library Current library Shelving location Date acquired Inventory number Total checkouts Full call number Barcode Date last seen Copy number Price effective from Koha item type
          Miguel Henríquez Castañeda Barranquilla Miguel Henríquez Castañeda Barranquilla General 05/23/2018 01293   342.02 M539t 01293 07/22/2019 ej.1 07/22/2019 Libros
          Miguel Henríquez Castañeda Barranquilla Miguel Henríquez Castañeda Barranquilla General 05/23/2018 01294   342.02 M539t 01294 07/22/2019 ej.2 07/22/2019 Libros